<?xml version="1.0" encoding="UTF-8"?>
<record
    xmlns:xsi="http://www.w3.org/2001/XMLSchema-instance"
    xsi:schemaLocation="http://www.loc.gov/MARC21/slim http://www.loc.gov/standards/marcxml/schema/MARC21slim.xsd"
    xmlns="http://www.loc.gov/MARC21/slim">

  <leader>02142cam a2200217   4500500</leader>
  <controlfield tag="005">20260208001306.0</controlfield>
  <datafield tag="041" ind1=" " ind2=" ">
    <subfield code="a">fre</subfield>
  </datafield>
  <datafield tag="042" ind1=" " ind2=" ">
    <subfield code="a">dc</subfield>
  </datafield>
  <datafield tag="100" ind1="1" ind2="0">
    <subfield code="a">Gey, Jean-Fran&#xE7;ois</subfield>
    <subfield code="e">author</subfield>
  </datafield>
  <datafield tag="245" ind1="0" ind2="0">
    <subfield code="a">Sp&#xE9;cificit&#xE9;s, singularit&#xE9; et originalit&#xE9; des CMPP</subfield>
  </datafield>
  <datafield tag="260" ind1=" " ind2=" ">
    <subfield code="c">2026.
							</subfield>
  </datafield>
  <datafield tag="500" ind1=" " ind2=" ">
    <subfield code="a">52</subfield>
  </datafield>
  <datafield tag="520" ind1=" " ind2=" ">
    <subfield code="a">N&#xE9;s dans l&#x2019;apr&#xE8;s-guerre, les CMPP occupent une place singuli&#xE8;re dans le paysage de la sant&#xE9; mentale de l&#x2019;enfance et de l&#x2019;adolescence. Leur mission principale est un accompagnement global et coordonn&#xE9; de jeunes jusqu&#x2019;&#xE0;&#xA0;20&#xA0;ans, pr&#xE9;sentant des difficult&#xE9;s psychologiques, cognitives, relationnelles ou scolaires, des difficult&#xE9;s d&#x2019;apprentissage ou des troubles du d&#xE9;veloppement, avec des &#xE9;tiologies vari&#xE9;es. Les CMPP se situent &#xE0; une place originale, une double interface&#xA0;: -&#xA0;Tout d&#x2019;abord, carrefour entre psychiatrie infanto&#x2013;juv&#xE9;nile et secteur m&#xE9;dico&#x2013;social. -&#xA0;Ensuite, articulation entre soin psychique et adaptation et inclusion scolaires, avec une dimension d&#x2019;accompagnement psychoth&#xE9;rapeutique au sein de l&#x2019;&#xC9;cole, de la maternelle &#xE0; l&#x2019;universit&#xE9; avec les BAPU&#xA0;&#x2013;&#xA0;Bureaux d&#x2019;Aide Psychologique Universitaire. Premier dispositif de soutien &#xE0; l&#x2019;&#xE9;cole inclusive, les CMPP sont pour ainsi dire devenu un espace transitionnel, au sens de Winnicott, &#xAB;&#xA0;un espace paradoxal, parce qu&#x2019;il se situe entre la r&#xE9;alit&#xE9; ext&#xE9;rieure et la r&#xE9;alit&#xE9; interne, entre le dedans et le dehors&#xA0;&#xBB;. Les&#xA0;400&#xA0;CMPP du territoire fran&#xE7;ais qui accompagnent chaque ann&#xE9;e plus de&#xA0;200000 jeunes, sont au c&#x153;ur de ce paradoxe&#x2026; Leur r&#xF4;le et leur avenir suscitent des d&#xE9;bats, notamment face &#xE0; l&#x2019;&#xE9;volution des politiques de sant&#xE9; mentale, aux avanc&#xE9;es des neurosciences et aux imp&#xE9;ratifs de l&#x2019;&#xE9;cole inclusive.</subfield>
  </datafield>
  <datafield tag="690" ind1=" " ind2=" ">
    <subfield code="a">CMPP</subfield>
  </datafield>
  <datafield tag="690" ind1=" " ind2=" ">
    <subfield code="a">histoire psychiatrie</subfield>
  </datafield>
  <datafield tag="690" ind1=" " ind2=" ">
    <subfield code="a">objectif p&#xE9;dagogique</subfield>
  </datafield>
  <datafield tag="690" ind1=" " ind2=" ">
    <subfield code="a">p&#xE9;do psychiatrie</subfield>
  </datafield>
  <datafield tag="690" ind1=" " ind2=" ">
    <subfield code="a">pratique du soin</subfield>
  </datafield>
  <datafield tag="786" ind1="0" ind2=" ">
    <subfield code="n">Pratiques en sant&#xE9; mentale | 71e a&#xE9;e - 281 | 4 | 2026-01-14 | p. 63-69 | 1286-1286</subfield>
  </datafield>
  <datafield tag="856" ind1="4" ind2="1">
    <subfield code="u">https://shs.cairn.info/revue-pratiques-en-sante-mentale-2025-4-page-63?lang=fr&amp;redirect-ssocas=7080</subfield>
  </datafield>
  <datafield tag="999" ind1=" " ind2=" ">
    <subfield code="c">1644662</subfield>
    <subfield code="d">1644662</subfield>
  </datafield>
</record>
